| 000 | 00925nam a22002897a 4500 | ||
|---|---|---|---|
| 001 | 6982 | ||
| 003 | FISKH | ||
| 005 | 20250613145849.0 | ||
| 008 | 250613b cb ||||| |||| 00| 0 eng d | ||
| 020 | _a9781445440675 | ||
| 040 |
_aFISKH _beng _cFISKH _dFISKH |
||
| 050 | _aPZ7 | ||
| 100 | _aMcMillan, Sue | ||
| 245 |
_aGetting my first haircut / _cWritten by Sue McMillan : Illustrated by Sue King |
||
| 250 | _aFirst published by Parragon in 2011 | ||
| 260 |
_aBath : _bParragon , _c2011. |
||
| 300 |
_a30 pages : _bcolor illustrations ; _c25 cm . |
||
| 505 | _aD | ||
| 520 | _aDescribes what to expect on your first visit to the salon for a haircut. | ||
| 521 | 8 |
_a200
_bLexile |
|
| 521 | 8 |
_aD
_bRaz-Plus |
|
| 650 |
_aCommunity helpers _vJuvenile Literature |
||
| 650 |
_aHand eye co-ordination _vJuvenile Literature |
||
| 700 |
_aKing, Sue _eIllustrator |
||
| 942 |
_2ddc _cBK _n0 |
||
| 999 |
_c6982 _d6982 |
||